Re+Adaptar : uso de la simulación digital para reacondicionar bioclimáticamente edificios existentes
Αποθηκεύτηκε σε:
| Κύριος συγγραφέας: | |
|---|---|
| Άλλοι συγγραφείς: | |
| Μορφή: | Άγνωστο |
| Γλώσσα: | Spanish |
| Έκδοση: |
[San José,Costa Rica]
2013
|
| Θέματα: | |
| Διαθέσιμο Online: | https://cedi.ucr.ac.cr/arquitectura/readaptar-uso-de-la-simulacion-digital-para-reacondicionar-bioclimaticamente-edificios-existentes/ |
| Ετικέτες: |
Προσθήκη ετικέτας
Δεν υπάρχουν, Καταχωρήστε ετικέτα πρώτοι!
|
MARC
| LEADER | 00000 a2200000 4500 | ||
|---|---|---|---|
| 003 | EA0053 | ||
| 005 | 20231005134143.0 | ||
| 008 | 140114s2013 cr a 000 ||spa d | ||
| 040 | |c cru CEDI | ||
| 090 | |a TFG EA-053 | ||
| 100 | |a Sancho Salas, Andrea |9 20026 | ||
| 245 | |a Re+Adaptar : uso de la simulación digital para reacondicionar bioclimáticamente edificios existentes | ||
| 260 | |a [San José,Costa Rica] |c 2013 | ||
| 500 | |a Proyecto de graduación (licenciatura en arquitectura)--Universidad de Costa Rica. Facultad de Ingeniería. Escuela de Arquitectura | ||
| 501 | |a Directora de Proyecto de Graduación: Mag. Eugenia Solís Umaña | ||
| 650 | |x ARQUITECTURA Y CLIMA - COSTA RICA - ESTUDIO DE CASOS |x EDIFICIOS - PROPIEDADES TERMICAS - COSTA RICA |x TERMODINAMICA - SIMULACION POR COMPUTADORA |x MICROCLIMATOLOGIA FORESTAL - COSTA RICA |9 20027 | ||
| 700 | |9 81 |a Solís Umaña, Eugenia, 1953- |d Directora del TFG | ||
| 856 | |u https://cedi.ucr.ac.cr/arquitectura/readaptar-uso-de-la-simulacion-digital-para-reacondicionar-bioclimaticamente-edificios-existentes/ |y https://cedi.ucr.ac.cr/arquitectura/readaptar-uso-de-la-simulacion-digital-para-reacondicionar-bioclimaticamente-edificios-existentes/ | ||
| 942 | |c CEDI |2 ddc | ||
| 999 | |c 12843 |d 12843 | ||
